000 00249nam a2200109Ia 4500
008 190912s9999||||xx |||||||||||||| ||und||
100 _aPople, GCSE
245 0 _aExplaining Physics
260 _aLondon
_bMacmillan
_c1997
300 _a384
942 _cBK
999 _c7172
_d7172